Mixed Word: 5 Letter A-Z II Quiz Stats

Quiz Updated Feb 15, 2012

Also try: Survivor A-Z
Challenge
Share
Tweet
Embed
Score 0/26 Timer 03:00
0 Plays Today
Mixed Word Answer % Correct
BELOWELBOW
92.4%
SNAILNAILS
92.2%
STEALLEAST
91.3%
EARTHHEART
90.6%
QUITEQUIET
86.5%
BRAZEZEBRA
84.1%
SIRENRINSE
84%
KERJOJOKER
83.6%
TRACECRATE
80.6%
STRAWWARTS
78.9%
SERVEVERSE
78.9%
FLEASFALSE
78.5%
DYELIYIELD
77.2%
Mixed Word Answer % Correct
SLINKKILNS
73.8%
EARNSSNARE
72.3%
SONICICONS
68.3%
LATERALERT
60.4%
BREAKBAKER
55.6%
BAGELGABLE
54.4%
VOTEROVERT
53.6%
MYLEXXYLEM
41.7%
CRUELULCER
40.4%
ROPESPOSER
38.7%
TIDESDEIST
36.4%
STEERTERSE
34.1%
TIMERMITRE
28.5%

You're not logged in!

Compare scores with friends on all Sporcle quizzes.
Sign Up with Email
OR
Log In

You Might Also Like...

Show Comments

Extras

Top Quizzes Today


Score Distribution

Your Account Isn't Verified!

In order to create a playlist on Sporcle, you need to verify the email address you used during registration. Go to your Sporcle Settings to finish the process.